[Event "2.BLO 1718 Bindl Aktionär - Nickelhüt"]
[Site "?"]
[Date "2017.10.23"]
[Round "6.8"]
[White "Loew, Gerald"]
[Black "Cerveny, Martin"]
[Result "1/2-1/2"]
[WhiteElo "2262"]
[BlackElo "2381"]
[PlyCount "106"]
[EventDate "2017.??.??"]

1. c4 c5 2. g3 g6 3. Bg2 Bg7 4. Nc3 Nc6 5. a3 e6 6. b4 cxb4 7. axb4 Nge7 8. b5
Ne5 9. c5 d5 10. cxd6 Qxd6 11. Ba3 Qd8 12. Qa4 O-O 13. d4 Nd7 14. Nf3 Re8 15.
O-O Nd5 16. Rac1 N7b6 17. Qb3 Nxc3 18. Rxc3 Qd5 19. Rfc1 Bd7 20. Bc5 Qxb3 21.
Rxb3 Rac8 22. Rd1 Na4 23. Bxa7 Nc3 24. Rd2 Bxb5 25. Bf1 Ba6 26. e3 Ne4 27. Rdb2
Rc1 28. Rb1 Rec8 29. Bc5 Rxb1 30. Rxb1 Nxc5 31. dxc5 Rxc5 32. Bxa6 bxa6 33.
Rb8+ Bf8 34. Ra8 Ra5 35. Nd4 Kg7 36. Nc6 Ra1+ 37. Kg2 Bc5 38. h4 h5 39. Kf3 Kf6
40. Nb8 Bd6 41. Nxa6 Be7 42. Ke4 Ra4+ 43. Kf3 Ra2 44. Kg2 Ke5 45. Re8 Bd6 46.
Nb8 Ke4 47. Nd7 Ra7 48. Nf6+ Kf5 49. Nh7 Be7 50. Kf3 Rb7 51. Ra8 Rc7 52. Ra5+
e5 53. e4+ Ke6 1/2-1/2

[Event "2BLO 1718 SC Erlangen - SK Weilheim"]
[Site "?"]
[Date "2018.02.03"]
[Round "7.1"]
[White "Luther, Thomas"]
[Black "Klek, Hanna Marie"]
[Result "1-0"]
[WhiteElo "2527"]
[BlackElo "2349"]
[PlyCount "69"]
[EventDate "2018.??.??"]

1. e4 e5 2. Nf3 Nc6 3. d4 exd4 4. Nxd4 Bc5 5. Nxc6 Qf6 6. Qf3 bxc6 7. Nc3 Bd4
8. Bd2 Rb8 9. Na4 Qxf3 10. gxf3 f5 11. Rd1 Bf6 12. b3 Ne7 13. Ba5 Be5 14. Nc5
fxe4 15. fxe4 d5 16. Nd3 Rb5 17. Bd2 dxe4 18. c4 exd3 19. cxb5 Bf5 20. Ba5 Be4
21. Rg1 Bxh2 22. Rxg7 Be5 23. Rg1 Bh2 24. Bxd3 Bf3 25. Rg7 Be5 26. Rxh7 Rg8 27.
Kd2 Bxd1 28. Kxd1 Rg1+ 29. Ke2 Ra1 30. a4 Ra2+ 31. Kf3 Bd4 32. Ke4 Bxf2 33.
bxc6 Bg3 34. Bb4 Ng6 35. Rg7 1-0

[Event "2BLO 1718 SC Erlangen - SK Weilheim"]
[Site "?"]
[Date "2018.02.03"]
[Round "7.2"]
[White "Wenninger, Philipp"]
[Black "Lehner, Oliver"]
[Result "1/2-1/2"]
[WhiteElo "2376"]
[BlackElo "2406"]
[PlyCount "50"]
[EventDate "2018.??.??"]

1. d4 Nf6 2. c4 e6 3. Nf3 d5 4. g3 dxc4 5. Qa4+ Nbd7 6. Bg2 a6 7. Qxc4 b5 8.
Qc2 Bb7 9. O-O c5 10. Be3 Rc8 11. Qd2 cxd4 12. Bxd4 Be7 13. Rd1 O-O 14. Nc3 Qc7
15. Rac1 Qb8 16. h3 Bc6 17. Ne1 Bxg2 18. Kxg2 Rfd8 19. Nb1 e5 20. Rxc8 Qxc8 21.
Be3 Nf8 22. Qc1 Qb7+ 23. f3 Nd5 24. Bf2 e4 25. Nc3 exf3+ 1/2-1/2

[Event "2BLO 1718 SC Erlangen - SK Weilheim"]
[Site "?"]
[Date "2018.02.03"]
[Round "7.3"]
[White "Bayer, Bernhard"]
[Black "Hilverda, Alexander"]
[Result "1-0"]
[WhiteElo "2420"]
[BlackElo "2362"]
[PlyCount "99"]
[EventDate "2018.??.??"]

1. d4 d5 2. Nf3 Nf6 3. c4 e6 4. Nc3 Bb4 5. cxd5 exd5 6. Qb3 c5 7. dxc5 Nc6 8.
e3 O-O 9. Be2 Qe7 10. O-O Be6 11. Nd4 Bxc5 12. Nxe6 fxe6 13. Bd2 Rad8 14. Rad1
a6 15. a3 b5 16. Na2 Ne4 17. Bb4 Nxb4 18. Nxb4 Qh4 19. Nd3 Bd6 20. f4 Rf6 21.
Rf3 Rg6 22. Qc2 Ng5 23. Rg3 Nh3+ 24. Kf1 Rxg3 25. hxg3 Qxg3 26. gxh3 Qxe3 27.
Bg4 Bxf4 28. Qf2 Qxf2+ 29. Kxf2 Bg5 30. Bxe6+ Kf8 31. Nc5 Bf6 32. Bxd5 Rd6 33.
Ne4 Bh4+ 34. Ke3 Rh6 35. Rf1+ Ke8 36. Rf3 Bd8 37. Kd3 g5 38. Nc5 Ke7 39. b4 Kd6
40. Be4 a5 41. Nb7+ Ke7 42. Nxd8 Rd6+ 43. Kc3 axb4+ 44. Kxb4 Rd4+ 45. Kxb5 Rxe4
46. Nc6+ Ke6 47. a4 h5 48. a5 g4 49. hxg4 hxg4 50. Rf8 1-0

[Event "2BLO 1718 SC Erlangen - SK Weilheim"]
[Site "?"]
[Date "2018.02.03"]
[Round "7.4"]
[White "Miller, Eduard"]
[Black "Guttenthaler, Franz"]
[Result "0-1"]
[WhiteElo "2334"]
[BlackElo "2324"]
[PlyCount "74"]
[EventDate "2018.??.??"]

1. Nf3 Nf6 2. g3 d5 3. Bg2 e6 4. O-O Be7 5. d3 O-O 6. Nbd2 c5 7. e4 Nc6 8. Re1
Qc7 9. Qe2 dxe4 10. dxe4 e5 11. c3 Be6 12. Nh4 Rfe8 13. Nc4 Rad8 14. Nf5 h6 15.
Nxe7+ Rxe7 16. Ne3 Red7 17. Nf5 Ne7 18. Nxe7+ Rxe7 19. f3 Red7 20. Be3 Qa5 21.
Qf2 b6 22. Bf1 c4 23. h3 Qa4 24. Qe2 Rd3 25. Bg2 Bc8 26. Kh2 Bb7 27. Bf1 Nh7
28. Qf2 R3d7 29. Reb1 Qc6 30. h4 Nf6 31. Re1 Qa4 32. Reb1 Bxe4 33. Rc1 Qc6 34.
Bg2 Rd3 35. Re1 Bd5 36. Qe2 e4 37. f4 Rxe3 0-1

[Event "2BLO 1718 SC Erlangen - SK Weilheim"]
[Site "?"]
[Date "2018.02.03"]
[Round "7.5"]
[White "Deglmann, Ludwig"]
[Black "Ott, Florian"]
[Result "1/2-1/2"]
[WhiteElo "2277"]
[BlackElo "2315"]
[PlyCount "47"]
[EventDate "2018.??.??"]

1. c4 c5 2. g3 g6 3. Bg2 Bg7 4. Nc3 Nc6 5. a3 d6 6. Rb1 a5 7. Nf3 e5 8. d3 Nge7
9. O-O O-O 10. Bg5 f6 11. Bd2 Be6 12. Ne1 d5 13. cxd5 Nxd5 14. Nc2 Rb8 15. Nxd5
Bxd5 16. Bxd5+ Qxd5 17. b4 cxb4 18. axb4 axb4 19. Nxb4 Nxb4 20. Rxb4 Rf7 21.
Qb1 b5 22. e4 Qd7 23. Rb3 Bf8 24. Bb4 1/2-1/2

[Event "2BLO 1718 SC Erlangen - SK Weilheim"]
[Site "?"]
[Date "2018.02.03"]
[Round "7.6"]
[White "Merkert, Maximilian"]
[Black "Pierecker, Markus"]
[Result "1/2-1/2"]
[WhiteElo "2243"]
[BlackElo "2197"]
[PlyCount "95"]
[EventDate "2018.??.??"]

1. c4 Nf6 2. g3 e6 3. Bg2 d5 4. Nf3 c5 5. O-O Nc6 6. e3 Be7 7. b3 O-O 8. Bb2 b6
9. Nc3 Bb7 10. cxd5 Nxd5 11. Nxd5 Qxd5 12. d4 Rfd8 13. Ne5 Qd6 14. Qh5 Nxe5 15.
Bxb7 Rab8 16. Be4 Ng6 17. Ba3 Qd7 18. dxc5 Qb5 19. Bb2 Qxc5 20. Qxc5 Bxc5 21.
Rfd1 f6 22. Kf1 Kf7 23. Ke2 Ke7 24. h4 Nf8 25. Rac1 Rxd1 26. Rxd1 Rc8 27. Rc1
Rc7 28. g4 g6 29. Bd3 Nd7 30. g5 f5 31. h5 e5 32. hxg6 hxg6 33. Rh1 Bd6 34.
Rh7+ Kf8 35. Rh8+ Kg7 36. Rh1 Nc5 37. f4 Nxd3 38. Kxd3 Re7 39. Rc1 Kf7 40. fxe5
Bxe5 41. Bxe5 Rxe5 42. Rh1 Re7 43. Rh8 Rd7+ 44. Kc4 Ke6 45. Re8+ Kf7 46. Rh8
Ke6 47. Re8+ Kf7 48. Rh8 1/2-1/2

[Event "2BLO 1718 SC Erlangen - SK Weilheim"]
[Site "?"]
[Date "2018.02.03"]
[Round "7.7"]
[White "de Francesco, Klaus"]
[Black "Liepold, Stefan"]
[Result "1-0"]
[WhiteElo "2301"]
[BlackElo "2152"]
[PlyCount "79"]
[EventDate "2018.??.??"]

1. d4 Nf6 2. c4 g6 3. Nc3 d5 4. Nf3 Bg7 5. cxd5 Nxd5 6. Bg5 c5 7. Rc1 Nxc3 8.
bxc3 Bg4 9. d5 Nd7 10. Qa4 Bxf3 11. gxf3 O-O 12. e4 h6 13. Be3 Qc7 14. Be2 a6
15. Qc2 c4 16. Qd2 Kh7 17. h4 h5 18. f4 b5 19. Rg1 Rad8 20. Qc2 Bh6 21. e5 Nc5
22. Rd1 Rg8 23. Kf1 Nd3 24. Bxd3 cxd3 25. Qxd3 Rc8 26. Ke2 Qc4 27. Qxc4 Rxc4
28. Kf3 Rxc3 29. Rc1 Rgc8 30. Rxc3 Rxc3 31. Rd1 Rc7 32. d6 exd6 33. exd6 Rd7
34. Ke4 Bf8 35. Bc5 Kg7 36. Kd5 Kf6 37. Kc6 Rd8 38. Bb6 Ra8 39. Kb7 Re8 40. d7
1-0

[Event "2BLO 1718 SC Erlangen - SK Weilheim"]
[Site "?"]
[Date "2018.02.03"]
[Round "7.8"]
[White "Tong, Kevin"]
[Black "Wiesinger, Robert"]
[Result "1-0"]
[WhiteElo "2181"]
[BlackElo "2238"]
[PlyCount "47"]
[EventDate "2018.??.??"]

1. e4 e5 2. Nf3 Nc6 3. Bc4 Bc5 4. c3 Nf6 5. d3 a6 6. O-O d6 7. Bb3 O-O 8. h3
Ba7 9. Re1 Be6 10. Bc2 Ne7 11. Nbd2 Ng6 12. Nf1 h6 13. Ng3 Re8 14. d4 Bd7 15.
Be3 Bc6 16. Qd2 exd4 17. Bxd4 Ne5 18. Bxa7 Rxa7 19. Nd4 Ra8 20. Bb3 Qd7 21. f3
Ba4 22. Ngf5 Bxb3 23. axb3 Nc6 24. Nxg7 1-0

[Event "2BLO 1718 SC Forchheim - BCA Augsburg"]
[Site "?"]
[Date "2018.02.03"]
[Round "7.1"]
[White "Prusikin, Michael"]
[Black "Jansa, Vlastimil"]
[Result "1/2-1/2"]
[WhiteElo "2506"]
[BlackElo "2445"]
[PlyCount "81"]
[EventDate "2018.??.??"]

1. Nf3 g6 2. e4 Bg7 3. d4 d6 4. c3 Nf6 5. Bd3 O-O 6. O-O c5 7. h3 Nfd7 8. Na3
Nc6 9. Be3 a6 10. Qd2 b5 11. d5 Nce5 12. Nxe5 Nxe5 13. Be2 Rb8 14. Bh6 Bxh6 15.
Qxh6 b4 16. Nc4 Nxc4 17. Bxc4 bxc3 18. b3 e6 19. Rac1 Qf6 20. Qe3 exd5 21. Bxd5
Bb7 22. Rfd1 Rfe8 23. Qxc3 Qxc3 24. Rxc3 Bxd5 25. Rxd5 Rb6 26. f3 Kf8 27. Rcd3
Re6 28. g4 h6 29. Kf2 Ke7 30. h4 a5 31. Re3 f6 32. h5 g5 33. Rc3 Re5 34. Rdd3
Kd7 35. Rc4 Rb4 36. Ke3 Kc6 37. Rdc3 Re8 38. Kd3 Reb8 39. Kc2 a4 40. Rxb4 Rxb4
41. Rd3 1/2-1/2

[Event "2BLO 1718 SC Forchheim - BCA Augsburg"]
[Site "?"]
[Date "2018.02.03"]
[Round "7.2"]
[White "Rupprecht, Andreas"]
[Black "Nestorovic, Nikola"]
[Result "0-1"]
[WhiteElo "2399"]
[BlackElo "2504"]
[PlyCount "72"]
[EventDate "2018.??.??"]

1. e4 e5 2. Nf3 Nc6 3. d4 exd4 4. Nxd4 Nf6 5. Nc3 Bb4 6. Nxc6 bxc6 7. Bd3 d5 8.
exd5 cxd5 9. Qe2+ Qe7 10. Bb5+ Bd7 11. Bxd7+ Nxd7 12. Qxe7+ Kxe7 13. Bd2 Nb6
14. O-O-O Rhd8 15. Rhe1+ Kf8 16. Nb5 Bxd2+ 17. Rxd2 c6 18. Nd4 c5 19. Nf3 a5
20. Rd3 a4 21. Re5 Rac8 22. c4 f6 23. Rf5 d4 24. Nd2 Re8 25. Kd1 Re6 26. Ra3 g6
27. Rf4 Rce8 28. b3 Re1+ 29. Kc2 Kg7 30. Kd3 f5 31. bxa4 Rc1 32. a5 Na4 33. Nf3
Nb2+ 34. Kd2 Rd1+ 35. Kc2 Re2+ 36. Kb3 Rd3# 0-1

[Event "2BLO 1718 SC Forchheim - BCA Augsburg"]
[Site "?"]
[Date "2018.02.03"]
[Round "7.3"]
[White "Arnaudov, G. Petar"]
[Black "Heidrich, Manfred"]
[Result "1-0"]
[WhiteElo "2448"]
[BlackElo "2358"]
[PlyCount "55"]
[EventDate "2018.??.??"]

1. Nf3 c5 2. c4 Nf6 3. Nc3 Nc6 4. e3 e6 5. d4 d5 6. cxd5 exd5 7. Bb5 a6 8.
Bxc6+ bxc6 9. O-O Be7 10. Qa4 Bd7 11. dxc5 Bxc5 12. Ne5 O-O 13. Nxd7 Qxd7 14.
b3 Rfe8 15. Ba3 Ba7 16. Rac1 Rac8 17. Ne2 c5 18. Qxa6 Ng4 19. Bb2 Ra8 20. Qd3
Bb8 21. h3 Bh2+ 22. Kh1 Qd6 23. g3 Qh6 24. Kg2 Nxe3+ 25. fxe3 Rxe3 26. Qd1 Bxg3
27. Nxg3 Qg5 28. Qg4 1-0

[Event "2BLO 1718 SC Forchheim - BCA Augsburg"]
[Site "?"]
[Date "2018.02.03"]
[Round "7.4"]
[White "Schulz, Lukas"]
[Black "Pitl, Gregory"]
[Result "1/2-1/2"]
[WhiteElo "2243"]
[BlackElo "2393"]
[PlyCount "63"]
[EventDate "2018.??.??"]

1. e4 e5 2. f4 Nc6 3. Nf3 f5 4. exf5 e4 5. Ne5 Nf6 6. d3 Qe7 7. dxe4 Nxe5 8.
fxe5 Qxe5 9. Qe2 Nxe4 10. Nd2 d5 11. Nxe4 dxe4 12. Bd2 Bxf5 13. Bc3 Qd5 14. Rd1
Qc6 15. Qh5+ Qg6 16. Bb5+ c6 17. Be2 Rd8 18. Rf1 Rxd1+ 19. Bxd1 Qxh5 20. Bxh5+
Bg6 21. Bxg6+ hxg6 22. h3 Rh5 23. Rf4 Rd5 24. Ke2 a6 25. Rxe4+ Kf7 26. Rf4+ Rf5
27. Ke3 Bd6 28. Rf3 Bf8 29. g4 Rxf3+ 30. Kxf3 g5 31. Ke4 Ke6 32. Bd4 1/2-1/2

[Event "2BLO 1718 SC Forchheim - BCA Augsburg"]
[Site "?"]
[Date "2018.02.03"]
[Round "7.5"]
[White "Stankovic, Milos"]
[Black "Doeres, Hans-Juergen"]
[Result "1-0"]
[WhiteElo "2409"]
[BlackElo "2209"]
[PlyCount "79"]
[EventDate "2018.??.??"]

1. e4 c5 2. Nf3 e6 3. b3 Nc6 4. Bb2 Nf6 5. e5 Nd5 6. c4 Nde7 7. Nc3 Nf5 8. Bd3
Nfd4 9. Ne4 Qc7 10. Nxd4 Nxd4 11. f4 b6 12. O-O Bb7 13. Qh5 Be7 14. b4 g6 15.
Qh3 h5 16. bxc5 bxc5 17. Rab1 Rb8 18. Rfe1 Bc6 19. Qe3 Nf5 20. Nd6+ Kf8 21.
Qxc5 Nxd6 22. exd6 Bxd6 23. Qg5 Rg8 24. Be5 Bc5+ 25. Kh1 d6 26. Bf6 Ke8 27. f5
Kd7 28. fxe6+ fxe6 29. Rxb8 Qxb8 30. Rb1 Qa8 31. Bf1 Be4 32. d3 Bf5 33. Qh6 Rb8
34. Rb3 Rxb3 35. axb3 Qb7 36. d4 Ba3 37. Qg7+ Kc6 38. d5+ exd5 39. cxd5+ Kb6
40. Bd8+ 1-0

[Event "2BLO 1718 SC Forchheim - BCA Augsburg"]
[Site "?"]
[Date "2018.02.03"]
[Round "7.7"]
[White "Kukov, Velislav"]
[Black "Wagner, Robert"]
[Result "1-0"]
[WhiteElo "2398"]
[BlackElo "2066"]
[PlyCount "57"]
[EventDate "2018.??.??"]

1. Nf3 d5 2. g3 Nf6 3. Bg2 e6 4. O-O Be7 5. d3 O-O 6. Nbd2 b6 7. e4 Bb7 8. e5
Nfd7 9. Re1 c5 10. h4 Nc6 11. Nf1 Re8 12. c3 f6 13. exf6 Bxf6 14. N1h2 Nde5 15.
Ng5 h6 16. f4 hxg5 17. hxg5 Bxg5 18. fxg5 Ba6 19. Bf1 Rf8 20. Bf4 Ng6 21. Qh5
Nxf4 22. gxf4 Rxf4 23. Bh3 Bc8 24. Rf1 e5 25. Rxf4 exf4 26. Re1 Bxh3 27. g6 Ne7
28. Rxe7 Bf5 29. Qh7+ 1-0

[Event "2BLO 1718 SC Forchheim - BCA Augsburg"]
[Site "?"]
[Date "2018.02.03"]
[Round "7.8"]
[White "Seyb, Dieter"]
[Black "Lipok, Christoph"]
[Result "0-1"]
[WhiteElo "2190"]
[BlackElo "2280"]
[PlyCount "68"]
[EventDate "2018.??.??"]

1. e4 e5 2. Nf3 Nc6 3. d4 exd4 4. Nxd4 Nf6 5. Nxc6 bxc6 6. e5 Qe7 7. Qe2 Nd5 8.
Nd2 a5 9. Nf3 Ba6 10. c4 Qb4+ 11. Kd1 Bc5 12. Qc2 Ne7 13. Bd3 Qb6 14. Ng5 Bd4
15. f4 c5 16. Be4 Nc6 17. Rb1 h6 18. Nf3 Nb4 19. Qe2 O-O-O 20. Nxd4 cxd4 21. a3
Na2 22. Bd2 d5 23. Qg4+ Kb8 24. cxd5 Qb3+ 25. Bc2 Qc4 26. Be4 d3 27. Qf3 Qc2+
28. Ke1 Qxb1+ 29. Kf2 Qxh1 30. d6 Qb1 31. dxc7+ Kxc7 32. Bxa5+ Kb8 33. b4 Qb2+
34. Kg3 d2 0-1

[Event "2BLO 1718 Erfurter SK - Nickelhütte Aue"]
[Site "?"]
[Date "2018.02.03"]
[Round "7.1"]
[White "Papp, Gabor"]
[Black "Romanov, Evgeny"]
[Result "1-0"]
[WhiteElo "2599"]
[BlackElo "2621"]
[PlyCount "101"]
[EventDate "2018.??.??"]

1. e4 c5 2. Nf3 e6 3. d4 cxd4 4. Nxd4 a6 5. c4 Nf6 6. Nc3 Bb4 7. Qd3 d6 8. Nc2
Bc5 9. Be2 Nc6 10. O-O O-O 11. Qg3 Nd4 12. Nxd4 Bxd4 13. Bh6 Ne8 14. Rfd1 e5
15. Be3 Bxc3 16. bxc3 Qc7 17. c5 dxc5 18. Rd5 f6 19. Rxc5 Qe7 20. Rd5 Rf7 21.
Rad1 Be6 22. R5d2 Rc8 23. Bb6 Qa3 24. c4 Qxg3 25. hxg3 Re7 26. c5 Nc7 27. a4
Na8 28. Rd8+ Kf7 29. Ba5 Rxd8 30. Rxd8 Re8 31. Rd6 Bb3 32. c6 bxc6 33. Rxc6 Re7
34. Rxa6 Nc7 35. Ra7 Ne6 36. Rxe7+ Kxe7 37. Bb4+ Kd8 38. a5 Nd4 39. Bd3 Kc7 40.
f3 h5 41. Kf2 Kc6 42. Bf8 Ne6 43. Be7 Kd7 44. Bb4 Kc6 45. Ke3 Ba2 46. f4 exf4+
47. gxf4 g5 48. f5 Nc5 49. Be2 h4 50. a6 Nd7 51. Ba5 1-0

[Event "2BLO 1718 Erfurter SK - Nickelhütte Aue"]
[Site "?"]
[Date "2018.02.03"]
[Round "7.2"]
[White "Mihok, Oliver"]
[Black "Antal, Gergely"]
[Result "1/2-1/2"]
[WhiteElo "2555"]
[BlackElo "2531"]
[PlyCount "60"]
[EventDate "2018.??.??"]

1. e4 c5 2. Nf3 e6 3. d4 cxd4 4. Nxd4 Nc6 5. Nc3 Qc7 6. Be3 a6 7. Qf3 Ne5 8.
Qg3 h5 9. Nf5 f6 10. O-O-O exf5 11. Nd5 Qc6 12. Bb6 fxe4 13. Nc7+ Kf7 14. Qb3+
d5 15. Nxa8 Ne7 16. Nc7 Bg4 17. Rd4 g6 18. Kb1 Nc8 19. Nxd5 Nxb6 20. Nxb6+ Be6
21. Bc4 Bc5 22. Bxe6+ Qxe6 23. Qxe6+ Kxe6 24. Rxe4 Bxb6 25. f4 Kf5 26. Rb4 Bc5
27. Rxb7 Kxf4 28. Rf1+ Kg5 29. Rc7 Bb6 30. Rb7 Bc5 {(=)} 1/2-1/2

[Event "2BLO 1718 Erfurter SK - Nickelhütte Aue"]
[Site "?"]
[Date "2018.02.03"]
[Round "7.3"]
[White "Meijers, Viesturs"]
[Black "Braeuer, Franz"]
[Result "0-1"]
[WhiteElo "2476"]
[BlackElo "2407"]
[PlyCount "66"]
[EventDate "2018.??.??"]

1. e4 c5 2. Nf3 d6 3. d4 cxd4 4. Nxd4 Nf6 5. Nc3 a6 6. Bg5 Nbd7 7. a4 h6 8. Be3
e6 9. Be2 Be7 10. f4 O-O 11. O-O Qc7 12. Bf3 Re8 13. a5 Bf8 14. Nb3 e5 15. f5
Nc5 16. Nxc5 dxc5 17. Qe1 Bd7 18. Qh4 Be7 19. Qg3 Kh8 20. Kh1 Rac8 21. Rg1 b5
22. axb6 Qxb6 23. Ra2 Bc6 24. Qxe5 Rcd8 25. Qf4 Bd6 26. Qh4 Be5 27. Rga1 a5 28.
Qf2 Bd4 29. Bxd4 cxd4 30. Rxa5 Qxb2 31. e5 Rxe5 32. Rb1 dxc3 33. Raa1 Ra5 0-1

[Event "2BLO 1718 Erfurter SK - Nickelhütte Aue"]
[Site "?"]
[Date "2018.02.03"]
[Round "7.4"]
[White "Kuczynski, Robert"]
[Black "Slobodjan, Roman"]
[Result "1/2-1/2"]
[WhiteElo "2494"]
[BlackElo "2475"]
[PlyCount "39"]
[EventDate "2018.??.??"]

1. e4 e5 2. Nf3 Nc6 3. Bc4 Nf6 4. d3 h6 5. O-O d6 6. c3 g6 7. Re1 Bg7 8. h3 O-O
9. Nbd2 Na5 10. Bb5 a6 11. Ba4 b5 12. Bc2 c5 13. Nf1 Re8 14. Be3 Bd7 15. Qd2
Kh7 16. Ng3 Rc8 17. b4 cxb4 18. cxb4 Nc6 19. Bb3 Be6 20. Bxe6 1/2-1/2

[Event "2BLO 1718 Erfurter SK - Nickelhütte Aue"]
[Site "?"]
[Date "2018.02.03"]
[Round "7.5"]
[White "Gaponenko, Inna"]
[Black "Enders, Peter"]
[Result "1/2-1/2"]
[WhiteElo "2410"]
[BlackElo "2434"]
[PlyCount "110"]
[EventDate "2018.??.??"]

1. e4 c5 2. Nf3 Nc6 3. d4 cxd4 4. Nxd4 Nf6 5. Nc3 d6 6. Bg5 e6 7. Qd2 Be7 8.
O-O-O O-O 9. f3 Nxd4 10. Qxd4 a6 11. h4 b5 12. Kb1 Bb7 13. Qd2 Rc8 14. Ne2 Re8
15. Nd4 Nd7 16. Nb3 f6 17. Be3 Ne5 18. Qf2 Bf8 19. Bb6 Qe7 20. Ba5 d5 21. exd5
Bxd5 22. Bd3 Nxd3 23. Rxd3 Rc4 24. Re1 Qb7 25. Bc3 Rcc8 26. h5 b4 27. Bd2 Bc4
28. Na5 Qf7 29. Nxc4 Rxc4 30. g4 Rec8 31. Qb6 R4c6 32. Qe3 e5 33. Rc1 h6 34.
Qe4 Kh8 35. Qd5 Qc7 36. Qd7 a5 37. Qxc7 R6xc7 38. c3 a4 39. cxb4 Rxc1+ 40. Bxc1
Bxb4 41. Bd2 Bf8 42. Rc3 Ra8 43. Rc4 Kg8 44. Bb4 Bxb4 45. Rxb4 g6 46. Rb6 gxh5
47. Rxf6 Kg7 48. Rf5 hxg4 49. fxg4 Re8 50. Kc2 e4 51. Ra5 e3 52. Kd1 e2+ 53.
Ke1 Re4 54. b3 axb3 55. axb3 Rxg4 1/2-1/2

[Event "2BLO 1718 Erfurter SK - Nickelhütte Aue"]
[Site "?"]
[Date "2018.02.03"]
[Round "7.6"]
[White "Machelett, Heiko"]
[Black "Spiess, Gunter"]
[Result "0-1"]
[WhiteElo "2386"]
[BlackElo "2428"]
[PlyCount "74"]
[EventDate "2018.??.??"]

1. d4 Nf6 2. c4 c6 3. Nc3 d5 4. cxd5 cxd5 5. Bf4 Nc6 6. e3 a6 7. Bd3 Bg4 8.
Nge2 e6 9. h3 Bh5 10. Rc1 Be7 11. O-O O-O 12. Na4 Nd7 13. a3 e5 14. dxe5 Ndxe5
15. Nac3 Bf6 16. Bb1 d4 17. exd4 Nxd4 18. f3 Nec6 19. Ne4 Nxe2+ 20. Qxe2 Qb6+
21. Kh1 Bxb2 22. Rcd1 Rad8 23. Nd6 Bf6 24. g4 Bg6 25. Bxg6 hxg6 26. Qe4 g5 27.
Bg3 Nd4 28. Rb1 Qc6 29. Nxb7 Qxe4 30. fxe4 Ne2 31. Bh2 Rd3 32. Rb6 Rxh3 33. Kg2
Rxa3 34. Bd6 Nf4+ 35. Rxf4 Ra2+ 36. Kf3 gxf4 37. Bxf8 Bd4 0-1

[Event "2BLO 1718 Erfurter SK - Nickelhütte Aue"]
[Site "?"]
[Date "2018.02.03"]
[Round "7.7"]
[White "Langrock, Hannes"]
[Black "Troyke, Christian"]
[Result "1-0"]
[WhiteElo "2394"]
[BlackElo "2348"]
[PlyCount "63"]
[EventDate "2018.??.??"]

1. d4 g6 2. c4 Nf6 3. g3 Bg7 4. Bg2 O-O 5. Nc3 d6 6. Nf3 Nbd7 7. O-O e5 8. e4
c6 9. h3 Ne8 10. Bg5 f6 11. Be3 f5 12. Qd2 Qf6 13. dxe5 dxe5 14. exf5 gxf5 15.
Bg5 Qf7 16. Nh4 Nc7 17. Bh6 Ne6 18. Kh2 Ndc5 19. Rad1 a5 20. Bxg7 Qxg7 21. f4
exf4 22. gxf4 Kh8 23. Qf2 Bd7 24. Rg1 Qh6 25. Ne2 Rad8 26. Rd6 Qf6 27. Nd4 Nd3
28. Qg3 Ndxf4 29. Nhxf5 Nxg2 30. Rxg2 c5 31. Nxe6 Rg8 32. Rxd7 1-0

[Event "2BLO 1718 Erfurter SK - Nickelhütte Aue"]
[Site "?"]
[Date "2018.02.03"]
[Round "7.8"]
[White "Steinacker, Alex"]
[Black "Eichner, Sebastian"]
[Result "1-0"]
[WhiteElo "2267"]
[BlackElo "2364"]
[PlyCount "49"]
[EventDate "2018.??.??"]

1. g3 d5 2. Nf3 Nf6 3. Bg2 Bf5 4. O-O e6 5. d3 h6 6. Nbd2 Nc6 7. c3 a5 8. Qa4
Qd7 9. e4 Bh7 10. exd5 exd5 11. Re1+ Be7 12. b4 b5 13. Qxb5 axb4 14. cxb4 O-O
15. Nd4 Nxd4 16. Qxd7 Nxd7 17. Rxe7 Nb6 18. Bb2 Nc2 19. Rc1 Nxb4 20. Rcxc7 Nxd3
21. Bd4 Rxa2 22. Nf1 Na8 23. Rxf7 Nxc7 24. Rxg7+ Kh8 25. Rg6+ 1-0

[Event "2BLO 1718 SG AE Magdeburg - Bindlach-Ak"]
[Site "?"]
[Date "2018.02.03"]
[Round "7.1"]
[White "Petr, Martin"]
[Black "Woellermann, Jan"]
[Result "1-0"]
[WhiteElo "2469"]
[BlackElo "2375"]
[PlyCount "59"]
[EventDate "2018.??.??"]

1. Nf3 d5 2. g3 g6 3. Bg2 Bg7 4. d4 Nf6 5. O-O O-O 6. Nbd2 c6 7. b3 a5 8. a4
Bf5 9. Bb2 Ne4 10. Nh4 Nxd2 11. Qxd2 Be6 12. Nf3 Bf5 13. Nh4 Be6 14. e4 dxe4
15. Bxe4 Bd5 16. Bd3 Qb6 17. Rae1 Re8 18. c4 Be6 19. Rxe6 fxe6 20. Qe2 e5 21.
c5 Qb4 22. Bc4+ e6 23. Qg4 Na6 24. Bxe6+ Rxe6 25. Qxe6+ Kh8 26. Nf3 exd4 27.
Ne5 h6 28. Qxg6 Bxe5 29. Qxh6+ Kg8 30. Qe6+ 1-0

[Event "2BLO 1718 SG AE Magdeburg - Bindlach-Ak"]
[Site "?"]
[Date "2018.02.03"]
[Round "7.2"]
[White "Paul, Johannes"]
[Black "Kriebel, Tadeas"]
[Result "0-1"]
[WhiteElo "2293"]
[BlackElo "2513"]
[PlyCount "64"]
[EventDate "2018.??.??"]

1. d4 d5 2. c4 e6 3. Nc3 a6 4. cxd5 exd5 5. Nf3 Nf6 6. Bg5 c6 7. Qc2 Be6 8. e3
Nbd7 9. Bd3 Bd6 10. O-O Qc7 11. e4 dxe4 12. Nxe4 Nxe4 13. Bxe4 h6 14. Bh4 O-O
15. Rfe1 Rfe8 16. Re3 Qa5 17. a3 Bd5 18. Rae1 Bxe4 19. Rxe4 Rxe4 20. Qxe4 Qh5
21. h3 Nf8 22. Qd3 Ng6 23. Bg3 Bxg3 24. fxg3 Rd8 25. Qb3 Qb5 26. Qxb5 axb5 27.
Kf2 f6 28. g4 Kf7 29. Re4 Ne7 30. g3 Nc8 31. Ke3 Nd6 32. Rf4 g6 0-1

[Event "2BLO 1718 SG AE Magdeburg - Bindlach-Ak"]
[Site "?"]
[Date "2018.02.03"]
[Round "7.3"]
[White "Neuman, Petr"]
[Black "Melamed, Tatjana"]
[Result "1/2-1/2"]
[WhiteElo "2440"]
[BlackElo "2356"]
[PlyCount "103"]
[EventDate "2018.??.??"]

1. d4 Nf6 2. c4 e6 3. g3 d5 4. Nf3 Bb4+ 5. Bd2 Be7 6. Bg2 c6 7. Qc2 Nbd7 8. O-O
O-O 9. Bf4 Nh5 10. Bc1 Nhf6 11. b3 b6 12. Bb2 Bb7 13. Nbd2 Rc8 14. e4 dxe4 15.
Nxe4 c5 16. Nxf6+ Nxf6 17. dxc5 Rxc5 18. Ba3 Rc7 19. Rad1 Qa8 20. Bxe7 Rxe7 21.
Nh4 Bxg2 22. Nxg2 Rd8 23. Rxd8+ Qxd8 24. Rd1 Rd7 25. Ne3 Rxd1+ 26. Qxd1 Qxd1+
27. Nxd1 Kf8 28. Kf1 Ke7 29. Ke2 Kd6 30. Kd3 Kc5 31. a3 a5 32. Nc3 g5 33. h3 h6
34. Na4+ Kc6 35. b4 axb4 36. axb4 b5 37. Nc3 bxc4+ 38. Kxc4 Nd7 39. Kd4 f5 40.
f4 gxf4 41. gxf4 Kd6 42. Nb5+ Kc6 43. Na3 h5 44. h4 Nf8 45. Ke5 Ng6+ 46. Kxe6
Nxh4 47. Nc2 Kb5 48. Kf6 Ng2 49. Kxf5 h4 50. Kg4 h3 51. Kxh3 Nxf4+ 52. Kg4
1/2-1/2

[Event "2BLO 1718 SG AE Magdeburg - Bindlach-Ak"]
[Site "?"]
[Date "2018.02.03"]
[Round "7.4"]
[White "Andre, Gordon"]
[Black "Cech, Pavel"]
[Result "1/2-1/2"]
[WhiteElo "2307"]
[BlackElo "2367"]
[PlyCount "70"]
[EventDate "2018.??.??"]

1. c4 c6 2. d4 d5 3. Nc3 Nf6 4. Nf3 dxc4 5. a4 Bf5 6. Ne5 Nbd7 7. Nxc4 Qc7 8.
Qd2 Bg6 9. Qf4 Qxf4 10. Bxf4 Nd5 11. Bg3 N7f6 12. f3 Rd8 13. e4 Nb4 14. O-O-O
e6 15. Bc7 Rc8 16. Bf4 Rd8 17. g4 Be7 18. h4 h6 19. Bc7 Rd7 20. Bb8 O-O 21. Bf4
c5 22. Be3 cxd4 23. Rxd4 Bc5 24. Rxd7 Nxd7 25. Be2 Bxe3+ 26. Nxe3 f6 27. Rd1
Nc5 28. Rd6 Rc8 29. Bc4 Bf7 30. h5 Kf8 31. Kb1 Ke7 32. Rd1 a6 33. Be2 Nb3 34.
Nc4 Rc6 35. Ne3 Rc7 {(=)} 1/2-1/2

[Event "2BLO 1718 SG AE Magdeburg - Bindlach-Ak"]
[Site "?"]
[Date "2018.02.03"]
[Round "7.5"]
[White "Wall, Gavin"]
[Black "Schoene, Maria"]
[Result "1-0"]
[WhiteElo "2337"]
[BlackElo "2222"]
[PlyCount "83"]
[EventDate "2018.??.??"]

1. d4 Nf6 2. Bg5 Ne4 3. Bf4 c5 4. f3 Nf6 5. d5 d6 6. e4 g6 7. Qd2 Bg7 8. Nc3 a6
9. Bh6 Bxh6 10. Qxh6 Qa5 11. Nge2 Nbd7 12. Ng3 b5 13. Be2 Bb7 14. O-O O-O-O 15.
Rfd1 Rhg8 16. Qe3 h5 17. a4 b4 18. Nb1 h4 19. Nf1 g5 20. Nbd2 Ne5 21. c3 bxc3
22. bxc3 e6 23. c4 Nh5 24. Nb3 Qc7 25. Nfd2 f5 26. Rab1 h3 27. g3 f4 28. Qf2 g4
29. fxg4 fxg3 30. hxg3 Nxg4 31. Bxg4 Rxg4 32. Nf1 Rxe4 33. Qf3 Re5 34. Re1 Qg7
35. Rxe5 Qxe5 36. Na5 Ba8 37. Nc6 Bxc6 38. dxc6 h2+ 39. Kxh2 Rh8 40. Kg2 Qg7
41. Rb7 Qe5 42. Rb8+ 1-0